[Event "Guildford Spring op"]
[Site "Guildford"]
[Date "2024.04.14"]
[Round "5"]
[White "Buckley, Graeme N"]
[Black "Banerjee, Supratit"]
[Result "1-0"]
[WhiteElo "2332"]
[BlackElo "2060"]
[PlyCount "163"]
[EventDate "2024.04.12"]
[EventType "swiss"]
[EventRounds "5"]
[EventCountry "ENG"]
[SourceTitle "CB18_2024"]
[SourceDate "2024.05.01"]
[SourceVersion "1"]
[SourceVersionDate "2024.05.01"]
[SourceQuality "2"]

1. e4 c6 2. d4 d5 3. e5 Bf5 4. Nf3 e6 5. Be2 Nd7 6. 0-0 a5 7. a4 f6 8. c4 fxe5 9. dxe5 Bc5 10. cxd5 cxd5 11. Nbd2 Ne7 12. Nb3 Bb6 13. Nfd4 0-0 14. g4 Bxd4 15. Nxd4 Be4 16. Nxe6 Qb6 17. Nxf8 Rxf8 18. Be3 Qb5 19. b4 Qxb4 20. f3 Qb2 21. Bd4 Bg6 22. Rb1 Qb4 23. Rc1 Nc6 24. Be3 Bf7 25. f4 d4 26. Bd2 Qb6 27. Bd3 Kh8 28. Qe1 Nc5 29. Rf3 Nxd3 30. Rxd3 Qa6 31. Rh3 Bg8 32. f5 Ne7 33. Qe4 Bd5 34. Qd3 Qxd3 35. Rxd3 Nc6 36. Bf4 Be4 37. Rd2 Bf3 38. h3 h5 39. Kf2 hxg4 40. Kg3 Rxf5 41. hxg4 Rf8 42. Kxf3 g5 43. Ke4 Rxf4+ 44. Kd5 d3 45. e6 Rd4+ 46. Kc5 Re4 47. Kd6 Rd4+ 48. Kc7 Re4 49. Rxd3 Rxe6 50. Kxb7 Ne7 51. Rc5 Kg7 52. Rxg5+ Kf6 53. Rxa5 Re4 54. Rd6+ Kf7 55. g5 Rb4+ 56. Rb6 Rg4 57. Rf6+ Ke8 58. Kc7 Rc4+ 59. Kd6 Rc6+ 60. Ke5 Rc8 61. Kf4 Rc4+ 62. Kf3 Nc6 63. Ra6 Ne5+ 64. Ke2 Nd7 65. Ra8+ Ke7 66. Rh6 Re4+ 67. Kf3 Rd4 68. Ra7 Kf8 69. Rh8+ Ke7 70. Rh7+ Ke6 71. Rhxd7 Rxd7 72. Rxd7 Kxd7 73. a5 Kc7 74. g6 Kb7 75. g7 Ka7 76. g8Q Ka6 77. Qb8 Kxa5 78. Ke3 Ka4 79. Kd3 Ka5 80. Kc4 Ka6 81. Kc5 Ka5 82. Qa8# 1-0

[Event "Kingston-A 2nd"]
[Site "Kingston Upon Thames"]
[Date "2023.07.28"]
[Round "9"]
[White "Baker, Chris W"]
[Black "Buckley, Graeme N"]
[Result "1/2-1/2"]
[WhiteElo "2254"]
[BlackElo "2345"]
[PlyCount "123"]
[EventDate "2023.07.24"]
[EventType "tourn"]
[EventRounds "9"]
[EventCountry "ENG"]
[EventCategory "1"]
[SourceTitle "CBM 215 Extra"]
[Source "ChessBase"]
[SourceDate "2023.09.30"]
[SourceVersion "1"]
[SourceVersionDate "2023.09.30"]
[SourceQuality "1"]

1. Nf3 c5 2. c4 Nf6 3. g3 e6 4. Bg2 d5 5. 0-0 Nc6 6. d4 Be7 7. cxd5 exd5 8. Nc3 0-0 9. Bg5 cxd4 10. Nxd4 h6 11. Be3 Re8 12. Rc1 Bf8 13. Nxc6 bxc6 14. Na4 Bd7 15. Nc5 Bg4 16. Re1 Qa5 17. Bd4 Nd7 18. Nxd7 Bxd7 19. a3 Rad8 20. Qd3 Bg4 21. e3 Re6 22. Bc3 Qb6 23. Qd4 Rg6 24. Qa4 c5 25. b4 Bd7 26. bxc5 Bxa4 27. cxb6 axb6 28. Bb4 Bxb4 29. axb4 Rgd6 30. h4 g5 31. hxg5 hxg5 32. Rc7 Kg7 33. Ra7 b5 34. Bf3 Rc8 35. Bh5 Rf6 36. e4 dxe4 37. Rxe4 Rc1+ 38. Kg2 Bb3 39. Re5 Rc2 40. Bf3 Kh6 41. Ra1 Rc4 42. Rh1+ Kg6 43. Bh5+ Kg7 44. Rxg5+ Kf8 45. Rxb5 Ba4 46. Rb8+ Kg7 47. Rh4 Bc6+ 48. f3 Rc2+ 49. Kh3 Bxf3 50. Bxf3 Rxf3 51. Rf4 Rxf4 52. gxf4 Kg6 53. Rb5 f5 54. Kh4 Rh2+ 55. Kg3 Rb2 56. Rb8 Kh5 57. Rh8+ Kg6 58. Rg8+ Kh6 59. Rg5 Rxb4 60. Rxf5 Kg6 61. Ra5 Rb1 62. Kg4 1/2-1/2

[Event "Kingston-A 2nd"]
[Site "Kingston Upon Thames"]
[Date "2023.07.27"]
[Round "7"]
[White "Ratnesan, Ranesh"]
[Black "Buckley, Graeme N"]
[Result "0-1"]
[WhiteElo "2216"]
[BlackElo "2345"]
[PlyCount "178"]
[EventDate "2023.07.24"]
[EventType "tourn"]
[EventRounds "9"]
[EventCountry "ENG"]
[EventCategory "1"]
[SourceTitle "CBM 215 Extra"]
[Source "ChessBase"]
[SourceDate "2023.09.30"]
[SourceVersion "1"]
[SourceVersionDate "2023.09.30"]
[SourceQuality "1"]

1. d4 Nf6 2. c4 c5 3. d5 b5 4. cxb5 a6 5. bxa6 g6 6. Nc3 Bxa6 7. e4 Bxf1 8. Kxf1 d6 9. Nf3 Nbd7 10. g3 Bg7 11. Kg2 0-0 12. a4 Qb6 13. Qe2 Rfb8 14. Nb5 Ne8 15. Bg5 h6 16. Be3 Nc7 17. Nxc7 Qxc7 18. Rhb1 Rb4 19. Bd2 Rbxa4 20. Rxa4 Rxa4 21. b4 Qb7 22. Qe1 Qa8 23. Bc3 Bxc3 24. Qxc3 Qb7 25. Qe3 Rxb4 26. Rd1 Nf6 27. Nd2 Kg7 28. h3 Qa8 29. Qc3 Qa6 30. Re1 Rd4 31. Nf3 Qd3 32. Qxd3 Rxd3 33. Re2 Ra3 34. Nd2 Ra2 35. Kf1 Ra1+ 36. Kg2 Ra4 37. Re3 Rd4 38. Re2 c4 39. f3 Nd7 40. Kf2 Nb6 41. Nf1 Rd3 42. Rc2 f5 43. exf5 gxf5 44. Ne3 Kf6 45. Nxc4 Nxc4 46. Rxc4 Rxd5 47. g4 Ra5 48. Rb4 h5 49. gxf5 Kxf5 50. h4 Ke6 51. Ke3 Re5+ 52. Kf4 Rf5+ 53. Ke3 d5 54. Ra4 Kd6 55. Ra6+ Ke5 56. Ra5 e6 57. Ra4 Rf8 58. Rb4 Rc8 59. Rb6 Rc4 60. Ra6 Rxh4 61. Ra8 Rh2 62. Rh8 Kf5 63. Rf8+ Kg6 64. Kf4 Re2 65. Rd8 Kf6 66. Rh8 e5+ 67. Kg3 Kg6 68. Rg8+ Kf5 69. Rf8+ Ke6 70. Rd8 d4 71. f4 h4+ 72. Kf3 Re3+ 73. Kf2 Kf5 74. fxe5 Kxe5 75. Re8+ Kf4 76. Rf8+ Ke4 77. Re8+ Kd3 78. Rd8 h3 79. Rh8 Kd2 80. Ra8 Rc3 81. Ra2+ Rc2 82. Ra1 d3 83. Kf3 h2 84. Rh1 Kc3 85. Ke3 Re2+ 86. Kf3 Kd4 87. Ra1 Re8 88. Kg2 d2 89. Rd1 Kd3 0-1

[Event "Kingston-A 2nd"]
[Site "Kingston Upon Thames"]
[Date "2023.07.24"]
[Round "1"]
[White "Buckley, Graeme N"]
[Black "Bezuidenhout, Roland Reinhold"]
[Result "1-0"]
[WhiteElo "2345"]
[BlackElo "2217"]
[PlyCount "137"]
[EventDate "2023.07.24"]
[EventType "tourn"]
[EventRounds "9"]
[EventCountry "ENG"]
[EventCategory "1"]
[SourceTitle "CBM 215 Extra"]
[Source "ChessBase"]
[SourceDate "2023.09.30"]
[SourceVersion "1"]
[SourceVersionDate "2023.09.30"]
[SourceQuality "1"]

1. e4 e6 2. d4 d5 3. e5 c5 4. c3 Nc6 5. Nf3 Qb6 6. a3 c4 7. Nbd2 Na5 8. g3 Bd7 9. h4 0-0-0 10. Bh3 Kb8 11. 0-0 h6 12. Re1 Ne7 13. Rb1 Qc7 14. h5 Nc8 15. Nh4 Be7 16. Ng2 Nb6 17. Nf1 Rdg8 18. Nh2 a6 19. Be3 Ka7 20. Qe2 Qd8 21. Ng4 Qf8 22. Kh2 Nb3 23. f4 g6 24. Nf6 Bxf6 25. exf6 Nc8 26. f5 gxf5 27. Bf4 Nd6 28. Bxd6 Qxd6 29. Nf4 Rg5 30. Qe3 Rhg8 31. Rg1 b5 32. Bf1 Kb7 33. Be2 Rh8 34. Bd1 Na5 35. Rg2 Kc7 36. Be2 Bc6 37. Nh3 Rgg8 38. Ng1 Be8 39. Qf2 Kc8 40. Bd1 Qd8 41. a4 bxa4 42. Ra1 Qxf6 43. Bxa4 Bxa4 44. Rxa4 Nc6 45. b3 Qg5 46. bxc4 Qxh5+ 47. Nh3 Rg5 48. Qf4 e5 49. dxe5 Re8 50. e6 Ne5 51. Qxe5 Qxh3+ 52. Kg1 Rxe6 53. Qh8+ Kc7 54. cxd5 Re1+ 55. Kf2 Re2+ 56. Kxe2 Qxg2+ 57. Kd1 Qxd5+ 58. Rd4 Qb3+ 59. Ke2 Qc2+ 60. Rd2 Qe4+ 61. Kf2 Qe7 62. Qd4 Qe6 63. Qa7+ Kc6 64. Qxa6+ Kc7 65. Qa7+ Kc6 66. Qa8+ Kc5 67. Qa5+ Kc6 68. Rb2 Qc8 69. Rb6+ 1-0

[Event "London Mindsports IM-B"]
[Site "London"]
[Date "2023.02.18"]
[Round "7"]
[White "Buckley, Graeme N"]
[Black "Li, Vladimir"]
[Result "0-1"]
[WhiteElo "2344"]
[BlackElo "2288"]
[PlyCount "72"]
[EventDate "2023.02.15"]
[EventType "tourn"]
[EventRounds "9"]
[EventCountry "ENG"]
[EventCategory "1"]
[SourceTitle "CBM 212 Extra"]
[Source "ChessBase"]
[SourceDate "2023.03.31"]
[SourceVersion "1"]
[SourceVersionDate "2023.03.31"]
[SourceQuality "1"]

1. e4 c5 2. Nf3 g6 3. c3 d5 4. exd5 Qxd5 5. d4 Bg7 6. Na3 cxd4 7. Nb5 Na6 8. Be3 Nf6 9. Bxd4 0-0 10. Be2 Bg4 11. a4 Rad8 12. h3 e5 13. Be3 Qe6 14. Qc1 Bxf3 15. Bxf3 e4 16. Be2 Qe7 17. 0-0 Nc5 18. Qc2 a6 19. Na3 Rfe8 20. Bd4 Nd5 21. Bxg7 Kxg7 22. Rfe1 Nf4 23. Bf1 Nxh3+ 24. gxh3 Qg5+ 25. Bg2 Rd2 26. Qc1 Nd3 27. Qxd2 Qxd2 28. Rf1 Qg5 29. Nc4 Nf4 30. Ne3 Nxh3+ 31. Kh2 Qf4+ 32. Kxh3 Re5 33. Bxe4 Rh5+ 34. Kg2 Rg5+ 35. Kh3 Qxe4 36. Rg1 Qf3+ 0-1

[Event "London Mindsports IM-B"]
[Site "London"]
[Date "2023.02.15"]
[Round "1"]
[White "Browning, Alex"]
[Black "Buckley, Graeme N"]
[Result "1-0"]
[WhiteElo "2313"]
[BlackElo "2344"]
[PlyCount "95"]
[EventDate "2023.02.15"]
[EventType "tourn"]
[EventRounds "9"]
[EventCountry "ENG"]
[EventCategory "1"]
[SourceTitle "CBM 212 Extra"]
[Source "ChessBase"]
[SourceDate "2023.03.31"]
[SourceVersion "1"]
[SourceVersionDate "2023.03.31"]
[SourceQuality "1"]

1. c4 c5 2. g3 e6 3. Bg2 d5 4. Nf3 Nc6 5. 0-0 Nf6 6. cxd5 exd5 7. d4 Be7 8. Nc3 0-0 9. Bg5 cxd4 10. Nxd4 h6 11. Bf4 Bg4 12. h3 Be6 13. Rc1 Rc8 14. Be3 Bd6 15. Ncb5 Bb8 16. Nxc6 Rxc6 17. Rxc6 bxc6 18. Nd4 Bd7 19. Qc2 Qe8 20. Nf3 Ne4 21. Bd4 Qe7 22. Nd2 Ng5 23. h4 Nh3+ 24. Kh1 Qxe2 25. Qd1 Re8 26. Nb3 Qxd1 27. Rxd1 Re2 28. Rd2 Re1+ 29. Kh2 Nf4 30. Bf3 Ne6 31. Be3 f5 32. Rc2 f4 33. Bd2 fxg3+ 34. fxg3 Re5 35. Bc3 Re3 36. Kg2 c5 37. Kf2 d4 38. Ba5 Re5 39. Nd2 Rf5 40. Kg2 h5 41. b4 cxb4 42. Bxb4 g5 43. Bc6 Bxc6+ 44. Rxc6 Kf7 45. Bd6 Bxd6 46. Rxd6 Ra5 47. Nc4 g4 48. Nxa5 1-0

[Event "London Central op"]
[Site "London"]
[Date "2022.11.06"]
[Round "5"]
[White "Buckley, Graeme N"]
[Black "Radovanovic, Jovica"]
[Result "1-0"]
[WhiteElo "2333"]
[BlackElo "2313"]
[PlyCount "93"]
[EventDate "2022.11.04"]
[EventType "swiss"]
[EventRounds "5"]
[EventCountry "ENG"]
[SourceTitle "EXT 2024"]
[Source "ChessBase"]
[SourceDate "2023.10.10"]
[SourceVersion "1"]
[SourceVersionDate "2023.10.10"]
[SourceQuality "1"]

1. e4 c5 2. Nf3 d6 3. Bb5+ Bd7 4. Bxd7+ Qxd7 5. c4 Nf6 6. Nc3 g6 7. d4 cxd4 8. Nxd4 Bg7 9. f3 0-0 10. Be3 Rc8 11. b3 e6 12. Qd2 Nc6 13. 0-0 d5 14. Nxc6 bxc6 15. Rad1 Qe7 16. e5 Nd7 17. f4 Rd8 18. Qe2 f6 19. exf6 Qxf6 20. Rd3 Nb6 21. Rfd1 h5 22. Bd4 Qf5 23. Bxg7 Kxg7 24. Ne4 Rf8 25. Nc5 Rae8 26. Re3 e5 27. Rxe5 Rxe5 28. Qxe5+ Qxe5 29. fxe5 Rf5 30. Ne6+ Kh6 31. Nd4 Rxe5 32. Nxc6 Re6 33. Nd4 Re3 34. c5 Nc8 35. Kf2 Rc3 36. Ne6 Rc2+ 37. Ke3 Rxg2 38. Rxd5 Ne7 39. Rd7 Nc6 40. h4 Rg3+ 41. Kf2 Ne5 42. Kxg3 Nxd7 43. b4 g5 44. Nxg5 Kg6 45. Kf4 Kf6 46. Ke4 Ke7 47. Kd5 1-0

[Event "Shropshire op"]
[Site "Telford"]
[Date "2018.01.07"]
[Round "5"]
[White "Wallace, John Paul"]
[Black "Buckley, Graeme N"]
[Result "1-0"]
[WhiteElo "2415"]
[BlackElo "2340"]
[PlyCount "65"]
[EventDate "2018.01.05"]
[EventType "swiss"]
[EventRounds "5"]
[EventCountry "ENG"]
[SourceTitle "CBM 182 Extra"]
[Source "ChessBase"]
[SourceDate "2018.02.23"]
[SourceVersion "1"]
[SourceVersionDate "2018.02.23"]
[SourceQuality "1"]

1. e4 c5 2. Nf3 Nc6 3. d4 cxd4 4. Nxd4 Nf6 5. Nc3 d6 6. Bc4 e5 7. Nf5 Be6 8. Bb3 g6 9. Ne3 Bh6 10. Ned5 Bxc1 11. Rxc1 0-0 12. 0-0 Nd4 13. Qd3 Nd7 14. Qe3 f5 15. exf5 gxf5 16. f4 b5 17. Rcd1 Nxb3 18. axb3 a6 19. fxe5 dxe5 20. Rf3 f4 21. Nxf4 Bg4 22. Rg3 Rxf4 23. h3 Rc8 24. Ne2 Kh8 25. Nxf4 Bxd1 26. Ng6+ Kg7 27. Nxe5+ Kf6 28. Nxd7+ Qxd7 29. Qh6+ Kf5 30. Rg5+ Ke4 31. Qh4+ Ke3 32. Qf2+ Ke4 33. Qe1+ 1-0

[Event "Shropshire op"]
[Site "Telford"]
[Date "2018.01.06"]
[Round "3"]
[White "Merry, Alan B"]
[Black "Buckley, Graeme N"]
[Result "1-0"]
[WhiteElo "2418"]
[BlackElo "2340"]
[PlyCount "95"]
[EventDate "2018.01.05"]
[EventType "swiss"]
[EventRounds "5"]
[EventCountry "ENG"]
[SourceTitle "CBM 182 Extra"]
[Source "ChessBase"]
[SourceDate "2018.02.23"]
[SourceVersion "1"]
[SourceVersionDate "2018.02.23"]
[SourceQuality "1"]

1. e4 c5 2. Nf3 Nc6 3. Bb5 g6 4. Bxc6 dxc6 5. h3 Bg7 6. d3 b6 7. Nc3 Nh6 8. Be3 f6 9. Qd2 Nf7 10. 0-0-0 e5 11. Nh2 Qc7 12. f4 f5 13. g4 Bd7 14. gxf5 0-0-0 15. Rhg1 c4 16. fxg6 hxg6 17. Rxg6 exf4 18. Bxf4 Be5 19. Rf6 Be6 20. Nf3 Bxf4 21. Qxf4 Qxf4+ 22. Rxf4 cxd3 23. cxd3 Rxh3 24. d4 Rd7 25. Rg1 Rh5 26. Rg6 Nd8 27. Rf8 Rf7 28. Rxf7 Bxf7 29. Rg7 a5 30. Ne5 Rh1+ 31. Kd2 Rh2+ 32. Ke3 Rh3+ 33. Kf2 Bxa2 34. Nxa2 Rb3 35. Nc4 b5 36. Nc1 Rb4 37. Nxa5 Rxd4 38. Ke3 Ra4 39. Nab3 Rb4 40. e5 Ne6 41. Re7 Nc7 42. Rh7 Ne6 43. Na5 Rxb2 44. Nxc6 Rc2 45. Na7+ Kb8 46. Nd3 Rc3 47. Nxb5 Rc2 48. Nd4 1-0

[Event "Shropshire op"]
[Site "Telford"]
[Date "2018.01.05"]
[Round "1"]
[White "Anderson, Peter W"]
[Black "Buckley, Graeme N"]
[Result "0-1"]
[WhiteElo "1956"]
[BlackElo "2340"]
[PlyCount "72"]
[EventDate "2018.01.05"]
[EventType "swiss"]
[EventRounds "5"]
[EventCountry "ENG"]
[SourceTitle "CBM 182 Extra"]
[Source "ChessBase"]
[SourceDate "2018.02.23"]
[SourceVersion "1"]
[SourceVersionDate "2018.02.23"]
[SourceQuality "1"]

1. d4 Nf6 2. c4 e6 3. Nc3 Bb4 4. e3 d5 5. a3 Bxc3+ 6. bxc3 c5 7. cxd5 exd5 8. Bd3 0-0 9. Ne2 Nc6 10. f3 Re8 11. 0-0 b6 12. Ng3 Bb7 13. Ra2 Qc7 14. Re2 Rad8 15. Bb2 Qc8 16. Qe1 Ba6 17. Bxa6 Qxa6 18. e4 cxd4 19. cxd4 dxe4 20. fxe4 Nxd4 21. Bxd4 Rxd4 22. Rxf6 gxf6 23. Nf5 Qd3 24. Re3 Qd1 25. Nxd4 Qxd4 26. Qg3+ Kh8 27. Qf3 f5 28. Kf1 Qe5 29. Kf2 f4 30. Re2 Qd4+ 31. Kf1 Re6 32. e5 Qc4 33. Kf2 Kg7 34. Qg4+ Rg6 35. Qf3 Rg5 36. Kf1 Rxe5 0-1

[Event "Shropshire op"]
[Site "Telford"]
[Date "2017.01.08"]
[Round "5"]
[White "Arkell, Keith C"]
[Black "Buckley, Graeme N"]
[Result "1-0"]
[WhiteElo "2438"]
[BlackElo "2341"]
[PlyCount "131"]
[EventDate "2017.01.06"]
[EventType "swiss"]
[EventRounds "5"]
[EventCountry "ENG"]
[SourceTitle "CBM 176 Extra"]
[Source "ChessBase"]
[SourceDate "2017.03.02"]
[SourceVersion "1"]
[SourceVersionDate "2017.03.02"]
[SourceQuality "1"]

1. d4 Nf6 2. Nf3 e6 3. c4 b6 4. a3 Bb7 5. Nc3 d5 6. cxd5 Nxd5 7. Bg5 Be7 8. Bxe7 Qxe7 9. e3 Nxc3 10. bxc3 0-0 11. a4 Nd7 12. a5 e5 13. Be2 e4 14. Nd2 f5 15. Qb3+ Kh8 16. g3 Rab8 17. axb6 axb6 18. Ra7 Nf6 19. Qb4 Qd8 20. Nc4 Nd5 21. Qb3 Ra8 22. Rxb7 Ra1+ 23. Bd1 Qc8 24. Nd6 cxd6 25. Qxd5 Qxc3+ 26. Kf1 Rxd1+ 27. Kg2 Rd2 28. Re1 f4 29. gxf4 Qc2 30. Rf1 h6 31. Rxb6 Qc8 32. h3 Rd8 33. Qxe4 d5 34. Qe6 Qxe6 35. Rxe6 Rd7 36. h4 Kg8 37. h5 Kf7 38. Ra6 Rb7 39. Kg3 Rc2 40. Rd6 Rb5 41. Ra1 Rc7 42. Rda6 Rd7 43. Ra7 Rxa7 44. Rxa7+ Kf6 45. Ra6+ Ke7 46. f5 Rb1 47. Re6+ Kf7 48. Re5 Rh1 49. Rxd5 Rxh5 50. Rd7+ Kf6 51. e4 Rh1 52. Rd6+ Ke7 53. Re6+ Kf7 54. Kg2 Ra1 55. d5 Rd1 56. Ra6 Rd3 57. f3 Rd1 58. Ra7+ Kf6 59. Kg3 Ke5 60. Re7+ Kd6 61. Re6+ Kd7 62. Kf4 Rg1 63. Rg6 Rxg6 64. fxg6 Kd6 65. Kg4 Ke5 66. f4+ 1-0

[Event "Shropshire op"]
[Site "Telford"]
[Date "2017.01.08"]
[Round "4"]
[White "Buckley, Graeme N"]
[Black "Hebden, Mark"]
[Result "1-0"]
[WhiteElo "2341"]
[BlackElo "2501"]
[PlyCount "65"]
[EventDate "2017.01.06"]
[EventType "swiss"]
[EventRounds "5"]
[EventCountry "ENG"]
[SourceTitle "CBM 176 Extra"]
[Source "ChessBase"]
[SourceDate "2017.03.02"]
[SourceVersion "1"]
[SourceVersionDate "2017.03.02"]
[SourceQuality "1"]

1. b4 e5 2. Bb2 Bxb4 3. Bxe5 Nf6 4. Nc3 Ng4 5. Bxg7 Rg8 6. Bd4 c5 7. Nd5 cxd4 8. Nxb4 Nc6 9. Nd3 d6 10. Nf3 Bf5 11. g3 Qf6 12. Bg2 0-0-0 13. 0-0 Be4 14. e3 dxe3 15. fxe3 Qh6 16. h4 Nxe3 17. dxe3 Rxg3 18. Kf2 Rxg2+ 19. Kxg2 Qxh4 20. Rg1 Rg8+ 21. Kf1 Qh3+ 22. Ke1 Rxg1+ 23. Nxg1 Qxe3+ 24. Kf1 f5 25. Qe2 Qh6 26. Qf2 Qg7 27. Rd1 Qc3 28. Qd2 Qc4 29. Ne2 Bf3 30. Ndf4 Qxa2 31. Qxd6 Qxc2 32. Qe6+ Kb8 33. Qe8+ 1-0

[Event "BCF-chT1a 1617 (4NCL)"]
[Site "England"]
[Date "2016.11.19"]
[Round "1.32"]
[White "Gordon, Stephen J"]
[Black "Buckley, Graeme N"]
[Result "1-0"]
[WhiteElo "2506"]
[BlackElo "2342"]
[PlyCount "61"]
[EventDate "2016.11.19"]
[EventType "team-tourn"]
[EventRounds "7"]
[EventCountry "ENG"]
[SourceTitle "CBM 175 Extra"]
[Source "ChessBase"]
[SourceDate "2016.12.12"]
[SourceVersion "1"]
[SourceVersionDate "2016.12.12"]
[SourceQuality "1"]
[WhiteTeam "3CS Oldham"]
[BlackTeam "Guildford II"]
[WhiteTeamCountry "ENG"]
[BlackTeamCountry "ENG"]

1. Nf3 e6 2. c4 b6 3. g3 Bb7 4. Bg2 c5 5. 0-0 Nf6 6. Nc3 Be7 7. d4 cxd4 8. Qxd4 Nc6 9. Qf4 a6 10. Rd1 d6 11. b3 Qc7 12. Ba3 Rd8 13. Rac1 Qb8 14. Ng5 0-0 15. Nce4 Nxe4 16. Nxe4 e5 17. Qe3 Nd4 18. Nc3 Bxg2 19. Kxg2 Qb7+ 20. Nd5 Rde8 21. Bb2 h6 22. Bxd4 Bg5 23. Qf3 Kh8 24. Be3 e4 25. Qh5 Bxe3 26. Nxe3 Re5 27. Qh4 Qd7 28. Rd5 f5 29. Rcd1 Rxd5 30. Rxd5 Rf6 31. Qh3 1-0

[Event "London Classic op 6th"]
[Site "London"]
[Date "2014.12.13"]
[Round "6"]
[White "Buckley, Graeme N"]
[Black "Fodor, Tamas Jr"]
[Result "0-1"]
[WhiteElo "2327"]
[BlackElo "2499"]
[PlyCount "66"]
[EventDate "2014.12.08"]
[EventType "swiss"]
[EventRounds "9"]
[EventCountry "ENG"]
[SourceTitle "CBM 163 Extra"]
[Source "ChessBase"]
[SourceDate "2014.12.23"]
[SourceVersion "1"]
[SourceVersionDate "2014.12.23"]
[SourceQuality "1"]

1. d4 d5 2. c4 c6 3. Nf3 Nf6 4. Nc3 e6 5. e3 Nbd7 6. Qc2 Bd6 7. Be2 dxc4 8. a4 0-0 9. Nd2 e5 10. Nxc4 Bc7 11. 0-0 exd4 12. exd4 Nb6 13. Nxb6 axb6 14. Rd1 h6 15. d5 cxd5 16. Nb5 Bb8 17. h3 Bd7 18. Nd4 Re8 19. Bb5 Bxb5 20. Nxb5 Qe7 21. Qc3 Ne4 22. Qf3 Qb4 23. Nc3 Nxc3 24. bxc3 Qc4 25. Be3 b5 26. Rxd5 Qxc3 27. Rad1 bxa4 28. Rd7 Qf6 29. Qxb7 Be5 30. Qb4 a3 31. Bd4 a2 32. Qc3 Bxd4 33. R7xd4 Reb8 0-1

[Event "London Classic op 6th"]
[Site "London"]
[Date "2014.12.13"]
[Round "9"]
[White "Buckley, Graeme N"]
[Black "Piorun, Kacper"]
[Result "0-1"]
[WhiteElo "2327"]
[BlackElo "2517"]
[PlyCount "142"]
[EventDate "2014.12.08"]
[EventType "swiss"]
[EventRounds "9"]
[EventCountry "ENG"]
[SourceTitle "CBM 163 Extra"]
[Source "ChessBase"]
[SourceDate "2014.12.23"]
[SourceVersion "1"]
[SourceVersionDate "2014.12.23"]
[SourceQuality "1"]

1. d4 f5 2. Bg5 h6 3. Bh4 g5 4. e4 Nf6 5. e5 e6 6. Bg3 f4 7. Bd3 fxg3 8. Bg6+ Ke7 9. exf6+ Kxf6 10. Bh5 Ke7 11. Qf3 d5 12. Nc3 c6 13. 0-0-0 Kd7 14. hxg3 Kc7 15. Qe3 Bg7 16. Kb1 Nd7 17. Nf3 Rf8 18. Rdf1 Qf6 19. Re1 Nb6 20. b3 Bd7 21. Rhf1 Be8 22. Bg4 h5 23. Nxg5 hxg4 24. Nxe6+ Kd7 25. Nxf8+ Bxf8 26. Ne2 Bb4 27. c3 Bg6+ 28. Kb2 Bd6 29. Nf4 Re8 30. Qd2 Rxe1 31. Rxe1 Be4 32. Qe2 Qg5 33. f3 gxf3 34. gxf3 Qxg3 35. fxe4 Qxf4 36. e5 Be7 37. Rf1 Qg5 38. Qh2 Nc8 39. Rg1 Qf5 40. Rg2 c5 41. dxc5 Bxc5 42. Rd2 Ne7 43. Qe2 Kc7 44. b4 Bb6 45. c4 Qf4 46. e6 Bd4+ 47. Kb3 Be3 48. Rc2 d4 49. c5 Qe5 50. Qc4 Nd5 51. b5 Qxe6 52. Ka3 Kd7 53. c6+ bxc6 54. bxc6+ Kc7 55. Kb2 Qe5 56. Kb3 Nc3 57. a4 Qe8 58. Ka3 Qxc6 59. Qf7+ Qd7 60. Qc4+ Qc6 61. Qf7+ Qd7 62. Qc4+ Kd8 63. Qg8+ Qe8 64. Qxe8+ Kxe8 65. Kb3 Kd7 66. Kc4 Nxa4 67. Ra2 Nb6+ 68. Kd3 Nc8 69. Rc2 Ne7 70. Ke4 Nc6 71. Rc4 Kd6 0-1

[Event "London Classic op 6th"]
[Site "London"]
[Date "2014.12.13"]
[Round "7"]
[White "Ethelontis, Alexandros N"]
[Black "Buckley, Graeme N"]
[Result "0-1"]
[WhiteElo "2160"]
[BlackElo "2327"]
[PlyCount "54"]
[EventDate "2014.12.08"]
[EventType "swiss"]
[EventRounds "9"]
[EventCountry "ENG"]
[SourceTitle "CBM 163 Extra"]
[Source "ChessBase"]
[SourceDate "2014.12.23"]
[SourceVersion "1"]
[SourceVersionDate "2014.12.23"]
[SourceQuality "1"]

1. c4 b6 2. Nc3 e6 3. e4 Bb7 4. Nge2 f5 5. exf5 Nh6 6. Nf4 Qf6 7. Qh5+ Nf7 8. d4 Nc6 9. Be3 Bb4 10. 0-0-0 Bxc3 11. bxc3 0-0-0 12. Bd3 g6 13. fxg6 hxg6 14. Qe2 g5 15. Nh5 Qe7 16. Ng3 Na5 17. f3 d5 18. c5 bxc5 19. dxc5 Qf6 20. Kc2 Rh4 21. Rb1 Nc4 22. Rb3 Nfe5 23. Bd4 Rxd4 24. cxd4 Nc6 25. Kb1 Nxd4 26. Qe1 Nxb3 27. axb3 Qb2# 0-1

[Event "London Classic op 6th"]
[Site "London"]
[Date "2014.12.10"]
[Round "3"]
[White "Buckley, Graeme N"]
[Black "Hector, Jonny"]
[Result "1-0"]
[WhiteElo "2327"]
[BlackElo "2477"]
[PlyCount "83"]
[EventDate "2014.12.08"]
[EventType "swiss"]
[EventRounds "9"]
[EventCountry "ENG"]
[SourceTitle "CBM 163 Extra"]
[Source "ChessBase"]
[SourceDate "2014.12.23"]
[SourceVersion "1"]
[SourceVersionDate "2014.12.23"]
[SourceQuality "1"]

1. d4 d5 2. c4 c6 3. Nf3 Nf6 4. Nc3 dxc4 5. a4 Bf5 6. Ne5 Nbd7 7. Nxc4 Qc7 8. g3 e5 9. dxe5 Nxe5 10. Bf4 Nfd7 11. Bg2 Be7 12. Qc1 f6 13. 0-0 Nc5 14. Bxe5 fxe5 15. Qe3 0-0 16. b4 Nd7 17. Ne4 Nb6 18. Nxb6 Qxb6 19. Qb3+ Kh8 20. b5 Rad8 21. e3 a5 22. Rab1 Bb4 23. bxc6 Qxc6 24. Rbc1 Qg6 25. Qc4 h6 26. h4 b6 27. Rfd1 Rxd1+ 28. Rxd1 Bg4 29. Rd5 Be6 30. Qc6 Qf5 31. Rd3 Be1 32. Qc2 Rc8 33. Qd1 Bb4 34. Nd6 Bxd6 35. Rxd6 Rc2 36. Qf3 Rb2 37. h5 Rb4 38. Qa8+ Kh7 39. Rxe6 Rb1+ 40. Kh2 Qxh5+ 41. Bh3 Rb2 42. Qf8 1-0

[Event "London Classic op 6th"]
[Site "London"]
[Date "2014.12.09"]
[Round "2"]
[White "Gutkind, Kedem"]
[Black "Buckley, Graeme N"]
[Result "0-1"]
[WhiteElo "2064"]
[BlackElo "2327"]
[PlyCount "80"]
[EventDate "2014.12.08"]
[EventType "swiss"]
[EventRounds "9"]
[EventCountry "ENG"]
[SourceTitle "CBM 163 Extra"]
[Source "ChessBase"]
[SourceDate "2014.12.23"]
[SourceVersion "1"]
[SourceVersionDate "2014.12.23"]
[SourceQuality "1"]

1. e4 c5 2. Nf3 Nc6 3. Bb5 g6 4. Bxc6 dxc6 5. d3 Bg7 6. h3 b6 7. a4 a5 8. Na3 Nh6 9. 0-0 0-0 10. Re1 f6 11. Be3 e5 12. c3 Nf7 13. Qb3 Rb8 14. Rad1 Qc7 15. d4 Kh8 16. dxc5 Be6 17. c4 bxc5 18. Qc3 Rb4 19. b3 f5 20. Nc2 f4 21. Bc1 Rb7 22. Rd3 Ra7 23. Ba3 g5 24. Kf1 h5 25. Ng1 g4 26. hxg4 hxg4 27. Red1 Rb8 28. g3 Kh7 29. Qd2 Rab7 30. Na1 Ng5 31. gxf4 Nxe4 32. Qe2 Bf5 33. fxe5 Qxe5 34. Re3 Qf4 35. Rxe4 Bxe4 36. Bxc5 Re8 37. Be3 Qf5 38. Qd2 g3 39. f4 Rbe7 40. Bd4 Bxd4 0-1